El huevo de la serpiente : (Record no. 196343)

MARC details
000 -LEADER
campo de control de longitud fija 01915nam a2200361 i 4500
001 - NÚMERO DE CONTROL
campo de control 196343
003 - IDENTIFICADOR DE NÚMERO DE CONTROL
campo de control ES-MaACL
005 - FECHA Y HORA DE LA ÚLTIMA TRANSACCIÓN
campo de control 20251218141735.0
008 - DATOS DE LONGITUD FIJA--INFORMACIÓN GENERAL
campo de control de longitud fija 240913b2024 sp a|||| |||| 00| 0 spa d
017 ## - NÚMERO DE COPYRIGHT O DE DEPÓSITO LEGAL
Número de copyright o de depósito legal G 257-2024
Agencia que asigna Oficina Depósito Legal Girona
020 ## - NÚMERO INTERNACIONAL ESTÁNDAR DEL LIBRO
Número Internacional Estándar del Libro 978-84-126886-6-5
040 ## - FUENTE DE CATALOGACIÓN
Centro catalogador/agencia de origen ES-MaACL
Lengua de catalogación spa
Centro/agencia transcriptor ES-MaACL
Normas de descripción rda
080 ## - NÚMERO DE LA CLASIFICACIÓN DECIMAL UNIVERSAL
Número de la Clasificación Decimal Universal 323.285(460.27)
100 1# - ENTRADA PRINCIPAL--NOMBRE DE PERSONA
Nombre de persona Sánchez Gatell, Eduardo
9 (RLIN) 238755
Término indicativo de función/relación Autor
245 13 - MENCIÓN DEL TÍTULO
Título El huevo de la serpiente :
Resto del título el nido de ETA en Madrid /
Mención de responsabilidad, etc. Eduardo Sánchez Gatell ; prólogo de Gaizka Fernández Soldevilla
250 ## - MENCION DE EDICION
Mención de edición Primera edición en Betagarri Liburuak del 2024
264 #1 - PRODUCCIÓN, PUBLICACIÓN, DISTRIBUCIÓN, FABRICACIÓN Y COPYRIGHT
Producción, publicación, distribución, fabricación y copyright [Vitoria-Gasteiz] :
Nombre del de productor, editor, distribuidor, fabricante Betagarri Liburuak,
Fecha de producción, publicación, distribución, fabricación o copyright [2024]
300 ## - DESCRIPCIÓN FÍSICA
Extensión 200 páginas :
Otras características físicas ilustraciones ;
Dimensiones 22 cm
336 ## - TIPO DE CONTENIDO
Fuente rdacontent
Término de tipo de contenido texto
337 ## - TIPO DE MEDIO
Fuente rdamedia
Nombre/término del tipo de medio sin mediación
338 ## - TIPO DE SOPORTE
Fuente rdacarrier
Nombre/término del tipo de soporte volumen
490 0# - MENCIÓN DE SERIE
Mención de serie Colección Historia
500 ## - NOTA GENERAL
Nota general Ejemplar firmado y dedicado por el autor
500 ## - NOTA GENERAL
Nota general Índice
520 ## - RESUMEN, ETC.
Sumario, etc. En este libro encontrarán la perspectiva no de un historiador sino de un testigo. Es un libro de “memoria”, que no de “memorias” acerca de unos pocos años en los que, a mi juicio se concibió en Madrid el embrión de lo que luego sería ETA-militar y los cuarenta años de asesinatos que han ensombrecido nuestra recuperada democracia.
650 #4 - PUNTO DE ACCESO ADICIONAL DE MATERIA--TÉRMINO DE MATERIA
9 (RLIN) 17499
Término de materia o nombre geográfico como elemento de entrada Terrorismo-
Subdivisión geográfica Madrid
852 ## - LOCALIZACIÓN
Ubicación ES-MaACL
Ubicación en estantería Depósito J
Número de control de estantería N-10122
Anotaciones manuscritas Dedicatoria autógrafa del autor
Donativo/Legado Donación: Eduardo Sánchez Gatell
Encuadernación Encuadernación rústica con solapas
itemnumber 206256
852 ## - LOCALIZACIÓN
Ubicación ES-MaACL
Ubicación en estantería Depósito 1
Número de control de estantería A-15864
Anotaciones manuscritas Dedicatoria autógrafa del autor
Donativo/Legado Donación: Eduardo Sánchez Gatell
Encuadernación Encuadernación rústica con solapas
itemnumber 206895
942 ## - ELEMENTOS DE ENTRADA SECUNDARIOS (KOHA)
Tipo de ítem Koha Libro impreso
Suprimir en OPAC No
Holdings
Estatus retirado Estado de pérdida Fuente del sistema de clasificación o colocación Estado de daño No para préstamo Colección Biblioteca de origen Biblioteca actual Ubicación en estantería Fecha de adquisición Fuente de adquisición Total de préstamos Signatura topográfica completa Código de barras Visto por última vez Fecha del último préstamo Precio de reemplazo Tipo de ítem Koha Nota pública
    Clasificación decimal universal     Libros con dedicatorias Biblioteca del Ateneo de Madrid Biblioteca del Ateneo de Madrid Depósito J 18/07/2025 Donación 1 N-10122 2025-0641 06/11/2025 28/10/2025 18/07/2025 Libro impreso Dedicatoria autógrafa del autor
    Clasificación decimal universal     Libros con dedicatorias Biblioteca del Ateneo de Madrid Biblioteca del Ateneo de Madrid Depósito 1 06/11/2025 Donación   A-15864 2025-1260 06/11/2025   06/11/2025 Libro impreso Dedicatoria autógrafa del autor